| 000 | 00699nam a2200217 a 4500 | ||
|---|---|---|---|
| 005 | 20260110063933.0 | ||
| 008 | 991125s1992 es 000 0 spa u | ||
| 020 | _a8477740844 | ||
| 035 | _aUPN01000051368 | ||
| 049 | _aCG | ||
| 050 | 4 |
_aQA135.5 _bK2.78 |
|
| 100 | 1 |
_aKamii, Constance Kazuko _928810 |
|
| 245 | 1 | 0 |
_aReinventando la aritmética II / _cConstance Kamii ; tr. Begoña Jiménez. |
| 260 |
_aMadrid : _bVisor, _cc1992. |
||
| 300 |
_a220 p. : _bil. |
||
| 440 | 0 |
_aAprendizaje ; _v84 |
|
| 534 |
_pTítulo original : _tYoung children continue to reinvent arithmetic |
||
| 650 | 4 |
_aAritmética _xEstudio y enseñanza (Elemental) _95289 |
|
| 650 | 4 |
_aConstructivismo _910397 |
|
| 905 | _aLibro | ||
| 999 |
_c51368 _d51368 |
||